| 000 | 00852nam a22002177a 4500 | ||
|---|---|---|---|
| 999 |
_c6899 _d6899 |
||
| 003 | AR-CdUCM | ||
| 008 | 190319b ||||| |||| 00| 0 spa d | ||
| 040 |
_aMUNICIPALIDAD PROVINCIAL DEL CUSCO _cBIBLIOTECA MUNICIPAL DEL CUSCO |
||
| 082 |
_a628.166 / _bM17 |
||
| 100 |
_aMaier, Franz J. _919440 |
||
| 245 | _aFluoruración del agua potable / | ||
| 260 |
_aMéxico, D. F : _bLimusa-Wiley, _c1971. |
||
| 300 |
_a253 páginas ; _bIlustraciones, _c23 cm. |
||
| 505 | _aHistoria y desarrollo -- Beneficios de la fluoruración -- Procedimientos de adopción -- Objeciones técnicas -- Concentración de fluoruros deseada en el abastecimiento de agua tratada ... | ||
| 650 |
_aAgua _919441 |
||
| 650 |
_aPurificación _93622 |
||
| 650 |
_afluoruración _919442 |
||
| 710 |
_aCentro regional de ayuda técnica _910048 |
||
| 942 |
_2ddc _cLIBROS |
||
| 945 | _aacv | ||